[Event "39th Greek Women's Championship"]
[Site "chess24.com"]
[Date "2017.03.11"]
[Round "1"]
[White "Kouvatsou, Maria"]
[Black "Grapsa, Georgia"]
[Result "1-0"]
[Board "1"]
[WhiteElo "2071"]
[WhiteTitle "WGM"]
[WhiteCountry "GRE"]
[WhiteFideId "4203593"]
[WhiteEloChange "9"]
[BlackElo "2049"]
[BlackTitle "WFM"]
[BlackCountry "GRE"]
[BlackFideId "4206436"]
[BlackEloChange "-9"]

1. e4 {[%clk 1:30:57]} c5 {[%clk 1:30:54]} 2. Nf3 {[%clk 1:31:20]} d6 {[%clk
1:31:19]} 3. Bb5+ {[%clk 1:31:26]} Bd7 {[%clk 1:31:38]} 4. Bxd7+ {[%clk 1:31:50]}
Qxd7 {[%clk 1:32:04]} 5. c4 {[%clk 1:32:12]} Nc6 {[%clk 1:32:28]} 6. d4 {[%clk
1:28:41]} cxd4 {[%clk 1:32:49]} 7. Nxd4 {[%clk 1:29:05]} Nf6 {[%clk 1:32:46]} 8.
Nc3 {[%clk 1:28:45]} g6 {[%clk 1:28:06]} 9. O-O {[%clk 1:27:49]} Bg7 {[%clk
1:28:33]} 10. Nde2 {[%clk 1:25:04]} O-O {[%clk 1:25:49]} 11. f3 {[%clk 1:24:06]}
Rac8 {[%clk 1:23:33]} 12. Be3 {[%clk 1:23:57]} Ne5 {[%clk 1:15:40]} 13. b3 {[%clk
1:24:09]} a6 {[%clk 1:15:56]} 14. a4 {[%clk 1:23:45]} e6 {[%clk 1:11:38]} 15. Ra2
{[%clk 1:08:00]} Qc7 {[%clk 1:09:11]} 16. Rd2 {[%clk 1:03:26]} Rfd8 {[%clk
1:05:44]} 17. h3 {[%clk 0:57:39]} Nc6 {[%clk 0:58:57]} 18. f4 {[%clk 0:50:59]}
Qa5 {[%clk 0:48:05]} 19. Rf3 {[%clk 0:35:06]} d5 {[%clk 0:30:49]} 20. exd5 {[%clk
0:26:22]} exd5 {[%clk 0:31:05]} 21. Nxd5 {[%clk 0:25:29]} Nxd5 {[%clk 0:30:00]}
22. cxd5 {[%clk 0:25:17]} Nb4 {[%clk 0:28:18]} 23. d6 {[%clk 0:25:15]} Rc6 {[%clk
0:20:36]} 24. d7 {[%clk 0:23:24]} Qc7 {[%clk 0:16:50]} 25. f5 {[%clk 0:19:16]}
Rc2 {[%clk 0:15:13]} 26. fxg6 {[%clk 0:16:49]} hxg6 {[%clk 0:14:46]} 27. Bf4
{[%clk 0:15:15]} Qc5+ {[%clk 0:12:29]} 28. Kh2 {[%clk 0:14:20]} Rxd2 {[%clk
0:12:49]} 29. Qxd2 {[%clk 0:14:24]} Nd5 {[%clk 0:12:32]} 30. Rd3 {[%clk 0:09:03]}
Rxd7 {[%clk 0:12:37]} 31. Bg3 {[%clk 0:08:47]} Qc6 {[%clk 0:11:41]} 32. Nd4
{[%clk 0:08:39]} Qc5 {[%clk 0:10:05]} 33. Nf3 {[%clk 0:08:44]} Bc3 {[%clk
0:09:19]} 34. Qg5 {[%clk 0:07:09]} Qc6 {[%clk 0:08:06]} 35. Ne5 {[%clk 0:06:21]}
Bxe5 {[%clk 0:08:31]} 36. Bxe5 {[%clk 0:06:35]} Qe6 {[%clk 0:08:46]} 37. h4
{[%clk 0:04:42]} f5 {[%clk 0:02:26]} 38. Qg3 {[%clk 0:01:57]} Nb6 {[%clk
0:01:11]} 39. Re3 {[%clk 0:01:34]} Nd5 {[%clk 0:01:27]} 40. Rd3 {[%clk 0:31:30]}
Nb6 {[%clk 0:31:07]} 41. Rxd7 {[%clk 0:26:38]} Nxd7 {[%clk 0:31:33]} 42. Bb2
{[%clk 0:26:55]} Kf7 {[%clk 0:30:32]} 43. Qc3 {[%clk 0:22:56]} Nf6 {[%clk
0:29:57]} 44. Qc7+ {[%clk 0:15:11]} Qe7 {[%clk 0:27:16]} 45. Qxe7+ {[%clk
0:12:11]} Kxe7 {[%clk 0:27:41]} 46. Kg3 {[%clk 0:12:23]} Ke6 {[%clk 0:27:36]} 47.
Kf4 {[%clk 0:10:38]} Nh5+ {[%clk 0:22:23]} 48. Kg5 {[%clk 0:09:44]} Kf7 {[%clk
0:20:43]} 49. Be5 {[%clk 0:09:39]} Ng7 {[%clk 0:19:49]} 50. Bxg7 {[%clk 0:07:45]}
Kxg7 {[%clk 0:20:15]} 51. a5 {[%clk 0:08:06]} 1-0

[Event "39th Greek Women's Championship"]
[Site "chess24.com"]
[Date "2017.03.11"]
[Round "1"]
[White "Tsolakidou, Stavroula"]
[Black "Stoumbou, Eleni"]
[Result "1-0"]
[Board "2"]
[WhiteElo "2390"]
[WhiteTitle "WGM"]
[WhiteCountry "GRE"]
[WhiteFideId "4264312"]
[WhiteEloChange "2"]
[BlackElo "1843"]
[BlackCountry "GRE"]
[BlackFideId "4210174"]
[BlackEloChange "-2"]

1. e4 {[%clk 1:30:57]} c6 {[%clk 1:30:53]} 2. d4 {[%clk 1:31:20]} d5 {[%clk
1:31:16]} 3. e5 {[%clk 1:31:42]} Bf5 {[%clk 1:31:34]} 4. h4 {[%clk 1:32:02]} h5
{[%clk 1:31:52]} 5. Bd3 {[%clk 1:32:19]} Bxd3 {[%clk 1:31:40]} 6. Qxd3 {[%clk
1:32:42]} e6 {[%clk 1:31:54]} 7. Bg5 {[%clk 1:33:00]} Qb6 {[%clk 1:31:20]} 8. Nd2
{[%clk 1:33:10]} Qa6 {[%clk 1:17:28]} 9. c4 {[%clk 1:33:12]} Ne7 {[%clk 1:13:52]}
10. Ngf3 {[%clk 1:25:01]} Nd7 {[%clk 0:51:01]} 11. O-O {[%clk 1:24:11]} f6 {[%clk
0:42:04]} 12. exf6 {[%clk 1:02:42]} gxf6 {[%clk 0:39:32]} 13. Bf4 {[%clk
0:59:02]} Kf7 {[%clk 0:19:14]} 14. Rfe1 {[%clk 0:43:34]} Re8 {[%clk 0:16:46]} 15.
Ng5+ {[%clk 0:14:40]} fxg5 {[%clk 0:15:55]} 16. Nf3 {[%clk 0:14:56]} gxf4 {[%clk
0:02:59]} 17. Ng5+ {[%clk 0:15:06]} Kg8 {[%clk 0:03:17]} 18. Qh3 {[%clk 0:10:08]}
Nf5 {[%clk 0:00:45]} 19. Nxe6 {[%clk 0:04:27]} Rxe6 {[%clk 0:00:43]} 20. Rxe6
{[%clk 0:04:32]} Ng7 {[%clk 0:00:54]} 21. Rae1 {[%clk 0:02:43]} Kh7 {[%clk
0:00:41]} 22. Qd3+ {[%clk 0:00:40]} Kg8 {[%clk 0:01:03]} 23. Qg6 {[%clk 0:00:36]}
Qxc4 {[%clk 0:00:52]} 24. Re7 {[%clk 0:00:34]} Qxd4 {[%clk 0:00:42]} 25. Rxd7
{[%clk 0:00:40]} f3 {[%clk 0:00:35]} 26. Re8 {[%clk 0:00:38]} Qd1+ {[%clk
0:00:33]} 27. Kh2 {[%clk 0:01:02]} 1-0

[Event "39th Greek Women's Championship"]
[Site "chess24.com"]
[Date "2017.03.11"]
[Round "1"]
[White "Serefidou, Despina"]
[Black "Lemoni, Maria - Ioanna"]
[Result "1-0"]
[Board "3"]
[WhiteElo "1933"]
[WhiteCountry "GRE"]
[WhiteFideId "4218787"]
[WhiteEloChange "3"]
[BlackElo "1633"]
[BlackCountry "GRE"]
[BlackFideId "4236424"]
[BlackEloChange "-3"]

1. e4 {[%clk 1:30:58]} c5 {[%clk 1:30:54]} 2. Nf3 {[%clk 1:31:23]} e6 {[%clk
1:31:17]} 3. d4 {[%clk 1:31:48]} cxd4 {[%clk 1:31:37]} 4. Nxd4 {[%clk 1:32:14]}
a6 {[%clk 1:32:01]} 5. Nc3 {[%clk 1:30:31]} Nc6 {[%clk 1:29:58]} 6. Be3 {[%clk
1:29:49]} Qc7 {[%clk 1:29:12]} 7. Be2 {[%clk 1:28:54]} Nf6 {[%clk 1:28:16]} 8.
O-O {[%clk 1:28:22]} Bb4 {[%clk 1:28:25]} 9. Na4 {[%clk 1:23:01]} b5 {[%clk
1:28:27]} 10. Nxc6 {[%clk 1:21:15]} Qxc6 {[%clk 1:28:51]} 11. Nb6 {[%clk
1:18:18]} Rb8 {[%clk 1:29:13]} 12. Nxc8 {[%clk 1:17:29]} Rxc8 {[%clk 1:29:37]}
13. c3 {[%clk 1:12:15]} Bc5 {[%clk 1:22:41]} 14. Bxc5 {[%clk 1:11:19]} Qxc5
{[%clk 1:23:06]} 15. Bd3 {[%clk 0:58:21]} d5 {[%clk 1:13:59]} 16. e5 {[%clk
0:42:57]} Nd7 {[%clk 1:13:23]} 17. Qg4 {[%clk 0:41:08]} g6 {[%clk 1:00:52]} 18.
Rfe1 {[%clk 0:38:52]} h5 {[%clk 1:00:22]} 19. Qf4 {[%clk 0:27:37]} h4 {[%clk
0:50:55]} 20. h3 {[%clk 0:22:36]} Qe7 {[%clk 0:45:25]} 21. a4 {[%clk 0:17:45]}
Nc5 {[%clk 0:40:51]} 22. Bc2 {[%clk 0:18:01]} Nxa4 {[%clk 0:38:39]} 23. Bxa4
{[%clk 0:17:24]} Rc4 {[%clk 0:38:59]} 24. Bxb5+ {[%clk 0:15:13]} axb5 {[%clk
0:39:20]} 25. Ra8+ {[%clk 0:12:47]} Kd7 {[%clk 0:39:45]} 26. Ra7+ {[%clk
0:09:18]} Rc7 {[%clk 0:40:10]} 27. Rxc7+ {[%clk 0:09:16]} Kxc7 {[%clk 0:40:34]}
28. Ra1 {[%clk 0:09:18]} Kb7 {[%clk 0:36:38]} 29. Ra5 {[%clk 0:06:48]} Kc6 {[%clk
0:26:19]} 30. Qd4 {[%clk 0:06:14]} Rb8 {[%clk 0:18:41]} 31. Ra6+ {[%clk 0:01:13]}
Kc7 {[%clk 0:18:18]} 32. Ra7+ {[%clk 0:00:54]} Rb7 {[%clk 0:18:40]} 33. Ra8
{[%clk 0:00:51]} g5 {[%clk 0:10:39]} 34. Rg8 {[%clk 0:00:53]} Rb6 {[%clk
0:08:07]} 35. Qe3 {[%clk 0:00:49]} f6 {[%clk 0:00:48]} 36. exf6 {[%clk 0:01:13]}
1-0

[Event "39th Greek Women's Championship"]
[Site "chess24.com"]
[Date "2017.03.11"]
[Round "1"]
[White "Makka, Evanthia"]
[Black "Makka, Ioulia"]
[Result "1/2-1/2"]
[Board "4"]
[WhiteElo "2073"]
[WhiteCountry "GRE"]
[WhiteFideId "4207513"]
[WhiteEloChange "1"]
[BlackElo "2116"]
[BlackTitle "WIM"]
[BlackCountry "GRE"]
[BlackFideId "4205316"]
[BlackEloChange "-1"]

1. e4 {[%clk 1:30:56]} e6 {[%clk 1:30:57]} 2. d4 {[%clk 1:31:20]} d5 {[%clk
1:31:25]} 3. exd5 {[%clk 1:31:45]} exd5 {[%clk 1:31:31]} 4. Bd3 {[%clk 1:32:07]}
Bd6 {[%clk 1:31:45]} 5. Nf3 {[%clk 1:32:34]} Nf6 {[%clk 1:32:10]} 6. c3 {[%clk
1:32:56]} c6 {[%clk 1:32:33]} 7. O-O {[%clk 1:33:22]} O-O {[%clk 1:32:58]} 8. Bg5
{[%clk 1:33:47]} Bg4 {[%clk 1:33:14]} 9. Nbd2 {[%clk 1:34:13]} Nbd7 {[%clk
1:33:32]} 10. Qc2 {[%clk 1:34:38]} h6 {[%clk 1:33:15]} 11. Bh4 {[%clk 1:35:04]}
Qc7 {[%clk 1:33:11]} 12. Bg3 {[%clk 1:35:25]} Bxg3 {[%clk 1:33:22]} 13. hxg3
{[%clk 1:35:49]} Rfe8 {[%clk 1:33:29]} 14. Rfe1 {[%clk 1:36:15]} Rxe1+ {[%clk
1:33:38]} 15. Rxe1 {[%clk 1:36:38]} Re8 {[%clk 1:34:04]} 16. Rxe8+ {[%clk
1:37:01]} Nxe8 {[%clk 1:34:29]} 17. Bh7+ {[%clk 1:34:54]} Kh8 {[%clk 1:34:37]}
18. Bf5 {[%clk 1:35:22]} Bxf5 {[%clk 1:34:25]} 19. Qxf5 {[%clk 1:35:50]} Ndf6
{[%clk 1:34:24]} 20. Qe5 {[%clk 1:35:48]} Qxe5 {[%clk 1:34:29]} 21. Nxe5 {[%clk
1:36:13]} Kg8 {[%clk 1:34:54]} 22. Kf1 {[%clk 1:36:41]} Kf8 {[%clk 1:35:07]} 23.
Ke2 {[%clk 1:37:08]} Ke7 {[%clk 1:35:22]} 24. Nd3 {[%clk 1:37:30]} Nd6 {[%clk
1:35:40]} 25. f3 {[%clk 1:37:54]} Nd7 {[%clk 1:36:01]} 26. g4 {[%clk 1:38:06]}
Nf8 {[%clk 1:36:14]} 27. Nf1 {[%clk 1:38:15]} Nd7 {[%clk 1:36:12]} 28. Ne3 {[%clk
1:38:22]} g6 {[%clk 1:35:58]} 29. b3 {[%clk 1:38:41]} Nb5 {[%clk 1:36:15]} 30.
Kd2 {[%clk 1:39:01]} Nd6 {[%clk 1:36:21]} 31. Nc2 {[%clk 1:38:55]} Nf6 {[%clk
1:36:24]} 32. Ne5 {[%clk 1:39:00]} 1/2-1/2

[Event "39th Greek Women's Championship"]
[Site "chess24.com"]
[Date "2017.03.11"]
[Round "1"]
[White "Markantonaki, Haritomeni"]
[Black "Pavlidou, Ekaterini"]
[Result "0-1"]
[Board "5"]
[WhiteElo "2174"]
[WhiteTitle "WFM"]
[WhiteCountry "GRE"]
[WhiteFideId "4207050"]
[WhiteEloChange "-10"]
[BlackElo "2166"]
[BlackTitle "WIM"]
[BlackCountry "GRE"]
[BlackFideId "4213262"]
[BlackEloChange "10"]

1. e4 {[%clk 1:30:57]} e5 {[%clk 1:30:25]} 2. Nf3 {[%clk 1:31:19]} Nc6 {[%clk
1:30:46]} 3. Bb5 {[%clk 1:31:37]} Nge7 {[%clk 1:30:32]} 4. O-O {[%clk 1:31:15]}
g6 {[%clk 1:30:14]} 5. c3 {[%clk 1:31:36]} a6 {[%clk 1:30:12]} 6. Ba4 {[%clk
1:31:29]} Bg7 {[%clk 1:30:11]} 7. d4 {[%clk 1:31:46]} exd4 {[%clk 1:30:31]} 8.
cxd4 {[%clk 1:31:51]} O-O {[%clk 1:29:50]} 9. Nc3 {[%clk 1:30:40]} b5 {[%clk
1:28:10]} 10. Bc2 {[%clk 1:29:46]} d6 {[%clk 1:28:01]} 11. h3 {[%clk 1:29:13]}
Bb7 {[%clk 1:19:54]} 12. Bg5 {[%clk 1:26:27]} h6 {[%clk 1:19:11]} 13. Bf4 {[%clk
1:25:01]} Na5 {[%clk 1:08:49]} 14. Re1 {[%clk 1:20:29]} Nc4 {[%clk 1:02:57]} 15.
Qc1 {[%clk 1:12:04]} Kh7 {[%clk 1:01:45]} 16. b3 {[%clk 1:09:45]} Nb6 {[%clk
0:59:51]} 17. Qe3 {[%clk 1:07:37]} Re8 {[%clk 0:57:17]} 18. Qd2 {[%clk 0:54:36]}
Rc8 {[%clk 0:51:14]} 19. a4 {[%clk 0:49:55]} b4 {[%clk 0:50:08]} 20. Ne2 {[%clk
0:50:17]} a5 {[%clk 0:45:50]} 21. h4 {[%clk 0:46:40]} Ng8 {[%clk 0:38:18]} 22.
Ng3 {[%clk 0:45:02]} c5 {[%clk 0:36:30]} 23. h5 {[%clk 0:39:52]} cxd4 {[%clk
0:35:33]} 24. Rac1 {[%clk 0:32:05]} Be5 {[%clk 0:14:55]} 25. Nxd4 {[%clk
0:29:01]} Rc5 {[%clk 0:10:01]} 26. hxg6+ {[%clk 0:17:36]} fxg6 {[%clk 0:10:26]}
27. Nb5 {[%clk 0:16:41]} Qh4 {[%clk 0:05:17]} 28. Be3 {[%clk 0:14:44]} Nf6 {[%clk
0:03:45]} 29. Bxc5 {[%clk 0:06:32]} dxc5 {[%clk 0:04:03]} 30. Nf1 {[%clk
0:04:34]} Bf4 {[%clk 0:03:55]} 31. Ne3 {[%clk 0:02:25]} Qh2+ {[%clk 0:04:01]} 32.
Kf1 {[%clk 0:02:54]} Nxe4 {[%clk 0:02:31]} 33. Bxe4 {[%clk 0:01:55]} Bxe4 {[%clk
0:02:54]} 34. Rxc5 {[%clk 0:01:49]} Bxg2+ {[%clk 0:02:23]} 35. Ke2 {[%clk
0:01:59]} Bxe3 {[%clk 0:01:10]} 36. Rc7+ {[%clk 0:01:05]} Qxc7 {[%clk 0:00:41]}
37. Nxc7 {[%clk 0:01:17]} Bxd2+ {[%clk 0:01:07]} 0-1

[Event "39th Greek Women's Championship"]
[Site "chess24.com"]
[Date "2017.03.12"]
[Round "2"]
[White "Grapsa, Georgia"]
[Black "Pavlidou, Ekaterini"]
[Result "0-1"]
[Board "1"]
[WhiteElo "2049"]
[WhiteTitle "WFM"]
[WhiteCountry "GRE"]
[WhiteFideId "4206436"]
[WhiteEloChange "-7"]
[BlackElo "2166"]
[BlackTitle "WIM"]
[BlackCountry "GRE"]
[BlackFideId "4213262"]
[BlackEloChange "7"]

1. d4 {[%clk 1:30:56]} Nf6 {[%clk 1:30:09]} 2. c4 {[%clk 1:31:15]} g6 {[%clk
1:29:46]} 3. g3 {[%clk 1:31:32]} Bg7 {[%clk 1:29:53]} 4. Bg2 {[%clk 1:31:57]} O-O
{[%clk 1:29:13]} 5. Nf3 {[%clk 1:32:24]} d5 {[%clk 1:28:59]} 6. cxd5 {[%clk
1:31:08]} Nxd5 {[%clk 1:29:19]} 7. O-O {[%clk 1:31:24]} Nc6 {[%clk 1:27:52]} 8.
Nc3 {[%clk 1:29:36]} Nb6 {[%clk 1:27:18]} 9. d5 {[%clk 1:21:37]} Na5 {[%clk
1:26:20]} 10. e4 {[%clk 1:15:46]} c6 {[%clk 1:21:47]} 11. Bg5 {[%clk 1:00:37]} h6
{[%clk 1:20:16]} 12. Bf4 {[%clk 0:57:48]} cxd5 {[%clk 1:19:38]} 13. exd5 {[%clk
0:56:22]} Nac4 {[%clk 1:17:01]} 14. Qe2 {[%clk 0:52:32]} Bf5 {[%clk 1:06:21]} 15.
Rac1 {[%clk 0:44:34]} Rc8 {[%clk 0:54:37]} 16. b3 {[%clk 0:40:35]} Nd6 {[%clk
0:54:23]} 17. Be5 {[%clk 0:39:01]} Nd7 {[%clk 0:49:31]} 18. Bxg7 {[%clk 0:37:26]}
Kxg7 {[%clk 0:49:56]} 19. Rfe1 {[%clk 0:32:45]} Nc5 {[%clk 0:39:18]} 20. Nd4
{[%clk 0:30:17]} Bd7 {[%clk 0:32:54]} 21. Bf1 {[%clk 0:27:01]} Re8 {[%clk
0:23:33]} 22. Qb2 {[%clk 0:23:24]} Kg8 {[%clk 0:22:50]} 23. b4 {[%clk 0:18:59]}
Qb6 {[%clk 0:22:33]} 24. Qb1 {[%clk 0:13:10]} Na4 {[%clk 0:19:10]} 25. Nxa4
{[%clk 0:13:14]} Qxd4 {[%clk 0:18:53]} 26. Nc5 {[%clk 0:13:34]} Bf5 {[%clk
0:18:42]} 27. Qb3 {[%clk 0:13:25]} b6 {[%clk 0:18:23]} 28. Na6 {[%clk 0:12:17]}
Ne4 {[%clk 0:13:37]} 29. Qe3 {[%clk 0:10:22]} Qxe3 {[%clk 0:12:03]} 30. fxe3
{[%clk 0:10:48]} Nc3 {[%clk 0:10:59]} 31. e4 {[%clk 0:09:47]} Bg4 {[%clk
0:08:29]} 32. Kf2 {[%clk 0:08:12]} Nxa2 {[%clk 0:07:35]} 33. Rc6 {[%clk 0:08:08]}
Bd7 {[%clk 0:06:12]} 34. b5 {[%clk 0:07:16]} Nc3 {[%clk 0:05:12]} 35. Ke3 {[%clk
0:06:16]} Bxc6 {[%clk 0:03:52]} 36. bxc6 {[%clk 0:05:06]} e6 {[%clk 0:01:30]} 37.
Kd4 {[%clk 0:04:42]} exd5 {[%clk 0:01:06]} 38. Kxc3 {[%clk 0:03:19]} Rxc6+ {[%clk
0:01:29]} 39. Kb3 {[%clk 0:03:14]} Rxe4 {[%clk 0:01:27]} 40. Rd1 {[%clk 0:33:34]}
Rf6 {[%clk 0:30:43]} 41. Nc7 {[%clk 0:29:09]} Rf3+ {[%clk 0:27:43]} 42. Bd3
{[%clk 0:28:50]} Re2 {[%clk 0:25:35]} 43. Nxd5 {[%clk 0:27:30]} Rxh2 {[%clk
0:25:49]} 44. Kc4 {[%clk 0:26:18]} Rxg3 {[%clk 0:25:06]} 45. Nf6+ {[%clk
0:26:27]} Kg7 {[%clk 0:25:06]} 46. Rf1 {[%clk 0:25:22]} Rh4+ {[%clk 0:25:00]} 47.
Be4 {[%clk 0:25:35]} Rg5 {[%clk 0:21:26]} 48. Kd3 {[%clk 0:24:31]} Re5 {[%clk
0:21:23]} 0-1

[Event "39th Greek Women's Championship"]
[Site "chess24.com"]
[Date "2017.03.12"]
[Round "2"]
[White "Makka, Ioulia"]
[Black "Markantonaki, Haritomeni"]
[Result "0-1"]
[Board "2"]
[WhiteElo "2116"]
[WhiteTitle "WIM"]
[WhiteCountry "GRE"]
[WhiteFideId "4205316"]
[WhiteEloChange "-8"]
[BlackElo "2174"]
[BlackTitle "WFM"]
[BlackCountry "GRE"]
[BlackFideId "4207050"]
[BlackEloChange "8"]

1. e4 {[%clk 1:30:57]} c5 {[%clk 1:30:54]} 2. Nf3 {[%clk 1:31:20]} e6 {[%clk
1:31:16]} 3. d4 {[%clk 1:31:34]} cxd4 {[%clk 1:31:41]} 4. Nxd4 {[%clk 1:32:00]}
Nc6 {[%clk 1:32:01]} 5. Nc3 {[%clk 1:32:23]} Qc7 {[%clk 1:32:19]} 6. Be3 {[%clk
1:32:36]} a6 {[%clk 1:32:28]} 7. Qf3 {[%clk 1:32:24]} d6 {[%clk 1:31:46]} 8. Qg3
{[%clk 1:28:22]} Nf6 {[%clk 1:29:55]} 9. O-O-O {[%clk 1:26:51]} Bd7 {[%clk
1:19:03]} 10. f4 {[%clk 1:16:49]} b5 {[%clk 1:15:11]} 11. Bd3 {[%clk 1:07:54]} h5
{[%clk 1:06:03]} 12. h3 {[%clk 0:57:04]} h4 {[%clk 1:01:33]} 13. Qf2 {[%clk
0:53:52]} Be7 {[%clk 0:57:25]} 14. Nf3 {[%clk 0:51:45]} Nb4 {[%clk 0:52:28]} 15.
Kb1 {[%clk 0:50:20]} Rc8 {[%clk 0:51:22]} 16. Rc1 {[%clk 0:47:31]} Nh5 {[%clk
0:46:49]} 17. Rhe1 {[%clk 0:21:38]} Ng3 {[%clk 0:43:35]} 18. Bd4 {[%clk 0:19:10]}
Kf8 {[%clk 0:36:33]} 19. Ne2 {[%clk 0:14:49]} Nxe2 {[%clk 0:33:50]} 20. Qxe2
{[%clk 0:14:39]} Qa5 {[%clk 0:31:20]} 21. a3 {[%clk 0:14:32]} Nc6 {[%clk
0:31:31]} 22. Bc3 {[%clk 0:10:01]} Qb6 {[%clk 0:26:16]} 23. Qe3 {[%clk 0:08:46]}
Rb8 {[%clk 0:21:23]} 24. Qxb6 {[%clk 0:06:04]} Rxb6 {[%clk 0:21:51]} 25. b3
{[%clk 0:02:32]} a5 {[%clk 0:17:44]} 26. Bb2 {[%clk 0:02:34]} Rh5 {[%clk
0:16:07]} 27. Rcd1 {[%clk 0:02:26]} Rb7 {[%clk 0:15:20]} 28. Be2 {[%clk 0:01:52]}
Rh6 {[%clk 0:14:55]} 29. Bf1 {[%clk 0:01:28]} f6 {[%clk 0:11:16]} 30. Rd2 {[%clk
0:01:19]} Be8 {[%clk 0:09:36]} 31. Rf2 {[%clk 0:01:03]} Bd8 {[%clk 0:08:34]} 32.
Rd2 {[%clk 0:01:05]} Ke7 {[%clk 0:07:49]} 33. f5 {[%clk 0:01:01]} e5 {[%clk
0:05:09]} 34. c4 {[%clk 0:00:57]} b4 {[%clk 0:04:43]} 35. a4 {[%clk 0:00:52]} Bb6
{[%clk 0:03:43]} 36. Red1 {[%clk 0:00:58]} Bc5 {[%clk 0:03:28]} 37. Nh2 {[%clk
0:00:36]} g6 {[%clk 0:02:56]} 38. Ng4 {[%clk 0:00:36]} Rh5 {[%clk 0:02:41]} 39.
fxg6 {[%clk 0:00:33]} Bxg6 {[%clk 0:02:45]} 40. Bd3 {[%clk 0:30:33]} f5 {[%clk
0:31:30]} 41. exf5 {[%clk 0:27:06]} Bxf5 {[%clk 0:31:29]} 42. Rf1 {[%clk
0:26:08]} Ke6 {[%clk 0:26:47]} 43. Ka2 {[%clk 0:22:36]} Rf7 {[%clk 0:24:17]} 44.
Be2 {[%clk 0:21:27]} Rhh7 {[%clk 0:21:56]} 45. Bf3 {[%clk 0:20:08]} Ne7 {[%clk
0:21:13]} 46. Nf2 {[%clk 0:19:13]} Rhg7 {[%clk 0:19:25]} 47. Re1 {[%clk 0:16:56]}
Rg3 {[%clk 0:18:27]} 48. Ne4 {[%clk 0:15:45]} Bxe4 {[%clk 0:18:28]} 49. Bxe4
{[%clk 0:13:31]} Rf6 {[%clk 0:17:38]} 50. Bb7 {[%clk 0:08:37]} Ng6 {[%clk
0:17:02]} 51. Bc8+ {[%clk 0:06:25]} Kf7 {[%clk 0:16:34]} 52. Bb7 {[%clk 0:05:23]}
Nf4 {[%clk 0:15:18]} 53. Rf1 {[%clk 0:04:48]} Ke7 {[%clk 0:14:40]} 54. Re1 {[%clk
0:04:19]} Rfg6 {[%clk 0:07:56]} 55. Be4 {[%clk 0:00:38]} R6g5 {[%clk 0:07:30]}
56. Rf1 {[%clk 0:00:34]} Nxg2 {[%clk 0:07:29]} 57. Rf3 {[%clk 0:00:32]} Nf4
{[%clk 0:07:24]} 58. Bc1 {[%clk 0:00:46]} Be3 {[%clk 0:05:57]} 59. Rd1 {[%clk
0:00:47]} Bxc1 {[%clk 0:05:22]} 60. Rxc1 {[%clk 0:01:14]} Ne2 {[%clk 0:05:12]}
61. Re1 {[%clk 0:00:43]} Nc3+ {[%clk 0:05:28]} 62. Kb2 {[%clk 0:00:57]} Nxe4
{[%clk 0:05:44]} 0-1

[Event "39th Greek Women's Championship"]
[Site "chess24.com"]
[Date "2017.03.12"]
[Round "2"]
[White "Lemoni, Maria - Ioanna"]
[Black "Makka, Evanthia"]
[Result "0-1"]
[Board "3"]
[WhiteElo "1633"]
[WhiteCountry "GRE"]
[WhiteFideId "4236424"]
[WhiteEloChange "-2"]
[BlackElo "2073"]
[BlackCountry "GRE"]
[BlackFideId "4207513"]
[BlackEloChange "2"]

1. c4 {[%clk 1:30:57]} e6 {[%clk 1:30:48]} 2. g3 {[%clk 1:30:51]} d5 {[%clk
1:31:09]} 3. Nf3 {[%clk 1:30:53]} c6 {[%clk 1:28:49]} 4. b3 {[%clk 1:28:42]} Nf6
{[%clk 1:25:15]} 5. Bb2 {[%clk 1:23:59]} Be7 {[%clk 1:23:15]} 6. Bg2 {[%clk
1:23:43]} O-O {[%clk 1:22:50]} 7. O-O {[%clk 1:23:56]} b6 {[%clk 1:23:00]} 8. d4
{[%clk 1:23:32]} Bb7 {[%clk 1:19:13]} 9. Qd3 {[%clk 1:21:20]} Nbd7 {[%clk
1:13:47]} 10. Nbd2 {[%clk 1:20:31]} Rc8 {[%clk 1:13:33]} 11. Rac1 {[%clk
1:20:07]} c5 {[%clk 1:10:31]} 12. cxd5 {[%clk 1:13:37]} Nxd5 {[%clk 1:06:19]} 13.
e4 {[%clk 1:08:21]} Nb4 {[%clk 1:05:17]} 14. Qb1 {[%clk 1:08:44]} cxd4 {[%clk
1:02:42]} 15. Rxc8 {[%clk 1:07:52]} Qxc8 {[%clk 0:56:13]} 16. Rc1 {[%clk
1:08:12]} Qa8 {[%clk 0:56:09]} 17. Nxd4 {[%clk 1:03:54]} Rd8 {[%clk 0:44:40]} 18.
a3 {[%clk 0:57:43]} Na6 {[%clk 0:41:09]} 19. b4 {[%clk 0:55:07]} Nf6 {[%clk
0:38:59]} 20. f3 {[%clk 0:47:18]} Rd7 {[%clk 0:36:33]} 21. Nc4 {[%clk 0:38:57]}
Qd8 {[%clk 0:24:37]} 22. Qa1 {[%clk 0:31:38]} Nb8 {[%clk 0:22:20]} 23. Ne5 {[%clk
0:25:48]} Rc7 {[%clk 0:22:06]} 24. Rd1 {[%clk 0:26:12]} Qe8 {[%clk 0:20:07]} 25.
Bf1 {[%clk 0:23:52]} a6 {[%clk 0:18:41]} 26. Qa2 {[%clk 0:22:21]} Bc8 {[%clk
0:09:58]} 27. Bc4 {[%clk 0:20:23]} Bf8 {[%clk 0:08:20]} 28. Bb3 {[%clk 0:11:58]}
Kh8 {[%clk 0:05:50]} 29. Ba1 {[%clk 0:06:20]} h6 {[%clk 0:03:56]} 30. Qe2 {[%clk
0:02:44]} Kh7 {[%clk 0:02:26]} 31. f4 {[%clk 0:02:31]} g6 {[%clk 0:01:59]} 32. g4
{[%clk 0:02:34]} Bg7 {[%clk 0:01:54]} 33. b5 {[%clk 0:01:37]} Bb7 {[%clk
0:01:23]} 34. Bc2 {[%clk 0:01:19]} axb5 {[%clk 0:01:06]} 35. Nxb5 {[%clk
0:01:18]} Rxc2 {[%clk 0:01:18]} 36. Qxc2 {[%clk 0:01:45]} Qxb5 {[%clk 0:01:38]}
37. Nxf7 {[%clk 0:01:18]} Bxe4 {[%clk 0:01:38]} 38. Qc7 {[%clk 0:01:25]} Qe2
{[%clk 0:01:42]} 0-1

[Event "39th Greek Women's Championship"]
[Site "chess24.com"]
[Date "2017.03.12"]
[Round "2"]
[White "Stoumbou, Eleni"]
[Black "Serefidou, Despina"]
[Result "1/2-1/2"]
[Board "4"]
[WhiteElo "1843"]
[WhiteCountry "GRE"]
[WhiteFideId "4210174"]
[WhiteEloChange "3"]
[BlackElo "1933"]
[BlackCountry "GRE"]
[BlackFideId "4218787"]
[BlackEloChange "-3"]

1. e4 {[%clk 1:30:55]} e5 {[%clk 1:30:54]} 2. Nf3 {[%clk 1:31:19]} Nc6 {[%clk
1:31:19]} 3. Bb5 {[%clk 1:31:42]} a6 {[%clk 1:31:18]} 4. Ba4 {[%clk 1:31:59]} Nf6
{[%clk 1:30:12]} 5. O-O {[%clk 1:32:06]} b5 {[%clk 1:30:01]} 6. Bb3 {[%clk
1:32:21]} Be7 {[%clk 1:30:08]} 7. Re1 {[%clk 1:32:36]} d6 {[%clk 1:29:35]} 8. c3
{[%clk 1:32:14]} O-O {[%clk 1:29:58]} 9. h3 {[%clk 1:32:28]} Nb8 {[%clk 1:29:19]}
10. d4 {[%clk 1:32:03]} Nbd7 {[%clk 1:28:31]} 11. Nbd2 {[%clk 1:32:00]} c5 {[%clk
1:26:17]} 12. a4 {[%clk 0:52:22]} Bb7 {[%clk 1:00:43]} 13. d5 {[%clk 0:51:49]} c4
{[%clk 0:59:37]} 14. Bc2 {[%clk 0:51:49]} Re8 {[%clk 0:57:31]} 15. Nf1 {[%clk
0:52:09]} Bf8 {[%clk 0:57:34]} 16. Ng3 {[%clk 0:52:27]} g6 {[%clk 0:57:41]} 17.
Bg5 {[%clk 0:52:01]} Qc7 {[%clk 0:55:42]} 18. Qd2 {[%clk 0:43:45]} Bg7 {[%clk
0:51:57]} 19. Nh4 {[%clk 0:20:19]} Rab8 {[%clk 0:33:13]} 20. Bh6 {[%clk 0:18:06]}
Kh8 {[%clk 0:25:50]} 21. Rf1 {[%clk 0:05:25]} Bc8 {[%clk 0:13:39]} 22. axb5
{[%clk 0:04:22]} axb5 {[%clk 0:13:42]} 23. Be3 {[%clk 0:04:00]} Bb7 {[%clk
0:04:49]} 24. Kh1 {[%clk 0:03:41]} Ra8 {[%clk 0:05:04]} 25. Bh6 {[%clk 0:03:29]}
Rxa1 {[%clk 0:04:44]} 26. Rxa1 {[%clk 0:03:49]} Bxh6 {[%clk 0:00:57]} 27. Qxh6
{[%clk 0:04:12]} Qc5 {[%clk 0:00:47]} 28. Kg1 {[%clk 0:03:48]} Ng8 {[%clk
0:00:38]} 29. Qg5 {[%clk 0:03:54]} Ngf6 {[%clk 0:00:36]} 30. Qh6 {[%clk 0:03:26]}
Ng8 {[%clk 0:00:57]} 31. Qg5 {[%clk 0:03:07]} 1/2-1/2